header

Medical and psychiatric issues for counsellors (Record no. 13380)

MARC details
000 -LEADER
fixed length control field 01454nam a2200385Ia 4500
100 1# - MAIN ENTRY--AUTHOR NAME
Personal name Daines, Brian.
245 10 - TITLE STATEMENT
Title Medical and psychiatric issues for counsellors
250 ## - EDITION STATEMENT
Edition statement 2nd ed. /
260 ## - PUBLICATION, DISTRIBUTION, ETC. (IMPRINT)
Place of publication Los Angeles ;
-- London :
Name of publisher SAGE,
Year of publication 2007.
300 ## - PHYSICAL DESCRIPTION
Number of Pages 138 p.
490 1# - SERIES STATEMENT
Series statement Professional skills for counsellors
650 #0 - SUBJECT ADDED ENTRY--TOPICAL TERM
Topical Term Counseling.
Topical Term Counseling
Topical Term Mental health counseling.
Topical Term Health counseling.
700 1# - ADDED ENTRY--PERSONAL NAME
Personal name Gask, Linda.
Personal name Howe, Amanda.
856 40 - ELECTRONIC LOCATION AND ACCESS
Uniform Resource Identifier http://site.ebrary.com/lib/rucke/Doc?id=10256756

No items available.

© 2026 Rongo University
Contact us: librarian | system librarian | Rongo university